000 00694nam a22002537a 4500
999 _c33120
_d33120
001 2075
003 CO-MdFUSB
005 20170808091844.0
008 170808t1971 xxu||||| |||| 00| 0 eng d
040 _aCO-MdFUSB
_bspa
_cCO-MdFUSB
_dCO-MdFUSBC
_erda
041 0 _aeng
082 0 4 _aG 221.93 H6626p
100 1 _aHindson, Edward E.
_eautor
245 4 _aThe philistines and the Old Testament
_c/ Edward E. Hindson
260 _a
264 4 _aGrand Rapids, MI., USA :
_bBaker,
_c©1971
300 _a184 Pag
336 _2rdacontent
_a1
_ba1
337 _2rdamedia
_a2
_b5
338 _2rdacarrier
_a2
_b5
653 _aBiblia A.T. - Historia sagrada
653 _aFilisteos
942 _cBK